| 000 | nam a22 a 4500 | ||
|---|---|---|---|
| 999 |
_c3485 _d3485 |
||
| 005 | 20170523093527.0 | ||
| 008 | 170523b2006 ii ||||| |||| 00| 0 eng d | ||
| 020 | _a9788120335745 | ||
| 040 | _aAKMAL | ||
| 082 | _a658.409 DYE | ||
| 090 |
_a658.409 _bDYE |
||
| 245 |
_aExceptional Leadership _b16 Critical Competencies for Healthcare executives / _cCarson F. Dye |
||
| 260 |
_aNew Delhi _bAsoke K. Ghosh _c2006 |
||
| 300 |
_a231 p. _ccm |
||
| 942 |
_2ddc _cBOOK |
||